Missing Word: 2016 Emmys Quiz Stats

 Plays Quiz Updated Jul 13, 2017

Support Sporcle.
Go Orange.
Score 0/18 Timer 03:00
1 Play Today
Show Word % Correct
Jimmy Kimmel ____!Live
94.9%
Inside ____ SchumerAmy
91%
Better Call ____Saul
87.2%
American ____ WarriorNinja
84.7%
Real ____ with Bill MaherTime
67.5%
Key & ____Peele
67.4%
____ Kimmy SchmidtUnbreakable
66.7%
The People v. O. J. Simpson:
American ____ Story
Crime
65.1%
Last Week ____ with John OliverTonight
62.4%
Show Word % Correct
____ ChefTop
61.1%
Master of ____None
60.9%
____ ValleySilicon
58.7%
Comedians in Cars Getting ____Coffee
57.5%
Drunk ____History
56%
The ____ ManagerNight
51.7%
Mr. ____Robot
47.5%
____ CrimeAmerican
47.3%
Documentary ____!Now
44.2%

Today's Daily Dose

Word Ladder
New Dimensions!

Quick Pick
'Animal' Fish

Get the Picture
Bird or Food?

You're not logged in!

Compare scores with friends on all Sporcle quizzes.
OR
Log In
Forgot?

From the Vault

Pick the Dr. Seuss Characters

by Pushcake

"You're off to Great Places! Today is your day! Your mountain is waiting, So... get on your way!"
Remove Ads.
Support Sporcle.
Get the best of Sporcle when you Go Orange. This ad-free experience offers more features, more stats, and more fun while also helping to support Sporcle. Thank you for becoming a member.

Show Comments

Extras

Top Quizzes Today


Score Distribution

Your Account Isn't Verified!

In order to create a playlist on Sporcle, you need to verify the email address you used during registration. Go to your Sporcle Settings to finish the process.

Report this User

Report this user for behavior that violates our Community Guidelines.

Details: